<?xml version="1.0" encoding="UTF-8"?>
<record
    xmlns:xsi="http://www.w3.org/2001/XMLSchema-instance"
    xsi:schemaLocation="http://www.loc.gov/MARC21/slim http://www.loc.gov/standards/marcxml/schema/MARC21slim.xsd"
    xmlns="http://www.loc.gov/MARC21/slim">

  <leader>00552nam a22001457a 4500</leader>
  <controlfield tag="005">20180216091645.0</controlfield>
  <controlfield tag="008">180216b        xxu||||| |||| 00| 0 eng d</controlfield>
  <datafield tag="040" ind1=" " ind2=" ">
    <subfield code="c">PK-LaUMT</subfield>
  </datafield>
  <datafield tag="082" ind1=" " ind2=" ">
    <subfield code="a">PKAC 324.095491</subfield>
    <subfield code="b">IJA-V</subfield>
  </datafield>
  <datafield tag="100" ind1=" " ind2=" ">
    <subfield code="a">Ijaz Shafi Gilani</subfield>
  </datafield>
  <datafield tag="245" ind1=" " ind2=" ">
    <subfield code="a">Voter, umeedwar aur intikhabi mohim(miss)(&#x648;&#x648;&#x679;&#x631; &#x60C; &#x627;&#x645;&#x6CC;&#x62F;&#x648;&#x627;&#x631; &#x627;&#x648;&#x631; &#x627;&#x646;&#x62A;&#x62E;&#x627;&#x628;&#x6CC; &#x645;&#x6C1;&#x645;)/</subfield>
    <subfield code="b">&#x6AF;&#x6CC;&#x644;&#x67E; &#x67E;&#x627;&#x6A9;&#x633;&#x62A;&#x627;&#x646; &#x6A9;&#x6D2; &#x645;&#x646;&#x641;&#x631;&#x62F; &#x62A;&#x62D;&#x642;&#x6CC;&#x642; &#x645;&#x637;&#x627;&#x644;&#x639;&#x6C1; &#x67E;&#x631; &#x645;&#x628;&#x646;&#x6CC; &#x631;&#x67E;&#x648;&#x631;&#x679;</subfield>
    <subfield code="c">Ijaz Shafi Gilani</subfield>
  </datafield>
  <datafield tag="260" ind1=" " ind2=" ">
    <subfield code="b">&#x627;&#x62F;&#x627;&#x631;&#x6D2; &#x631;&#x627;&#x626;&#x6D2; &#x639;&#x627;&#x645;&#x6C1;)</subfield>
    <subfield code="c">1985</subfield>
  </datafield>
  <datafield tag="300" ind1=" " ind2=" ">
    <subfield code="a">46</subfield>
  </datafield>
  <datafield tag="942" ind1=" " ind2=" ">
    <subfield code="c">BK</subfield>
  </datafield>
  <datafield tag="999" ind1=" " ind2=" ">
    <subfield code="c">103336</subfield>
    <subfield code="d">103336</subfield>
  </datafield>
  <datafield tag="952" ind1=" " ind2=" ">
    <subfield code="0">0</subfield>
    <subfield code="1">0</subfield>
    <subfield code="4">0</subfield>
    <subfield code="7">0</subfield>
    <subfield code="a">01</subfield>
    <subfield code="b">01</subfield>
    <subfield code="d">2018-02-16</subfield>
    <subfield code="l">0</subfield>
    <subfield code="o">PKAC 324.095491 IJA-V</subfield>
    <subfield code="p">119609</subfield>
    <subfield code="r">2018-02-16 00:00:00</subfield>
    <subfield code="w">2018-02-16</subfield>
    <subfield code="y">BK</subfield>
  </datafield>
</record>
